000
00218nam a22000857a 4500
008
170203b xxu||||| |||| 00| 0 eng d
100
_9
2754
_a
Shankaran.R.
245
_a
Work Book Marrigold-III
260
_a
New Delhi
_b
APC
_c
2009
999
_c
5943
_d
5943